000 01295cam a2200313 i 4500
001 18503750
003 ARRUPE
005 20211019104212.0
008 150223s2015 nyua 001 0 eng
010 _a 2015004934
020 _a9781621452652 (alk. paper)
020 _z9781621452669 (epub)
040 _aDLC
_beng
_cDLC
_erda
_dDLC
042 _apcc
050 0 0 _aTK5105.875.I57
_bH68 2015
082 0 0 _a025.042
_223
245 0 0 _aHow to do (just about) anything on the Internet :
_bmake the internet work for you-- great advice for new users and seasoned pros alike /
_cReader's Digest.
250 _a1st [edition].
260 _aNot identified
_bNot identified
_c2015
300 _a287 pages :
_billustrations ;
_c25 cm
500 _aIncludes index.
505 0 _aGetting set up -- Browsing the internet -- Keep in touch -- Social networking -- News and knowledge -- The practical web -- Consuming media online -- Buying and selling.
650 0 _aInternet
_vMiscellanea.
_950569
650 0 _aWorld Wide Web
_vMiscellanea.
_950570
710 2 _aReader's Digest Association.
_928898
906 _a7
_bcbc
_corignew
_d1
_eecip
_f20
_gy-gencatlg
942 _2lcc
_cMONOGRAPH
999 _c130933
_d130933